000 00804nam a2200217 a 4500
001 000032147
005 20250312134346.0
008 110713s200u dr ac 000 0 spa d
040 _aDO-SdBNP
_bspa
_cBNPHU
082 _a616.075
_bA162c
100 1 _aAbreu Reyes, Manuel,
_cEmmanuel
_958251
245 1 0 _aCompendio de historial clínico y semiología quirúrgica /
_cManuel Abreu Reyes ; prólogo Sócrates Montás Castillo.
260 _a[Santo Domingo :
_bs.n.,
_c19--?].
300 _a95 p. :
_bil., retrs. ;
_c28 cm.
590 _aInventariado, 2018/LP
650 4 _aSemiología (medicina)
_915828
650 0 _aDiagnóstico quirúrgico
_915830
650 4 _aExamén físico (medicina)
_915831
700 1 _aMontás Castillo, Sócrates,
_epról.
_921020
910 _aValidado. Control de calidad EMS
999 _c31638
_d31638